Quizzes
Events
Quiz Creation
Community
Videos
Private Events
Remove Ads
Sign In
Join for FREE
Feedback
Dark Mode
Quiz Categories
Sports
Geography
Music
Movies
Television
Just For Fun
Miscellaneous
History
Literature
Language
Science
Gaming
Entertainment
Religion
Holiday
For Kids
Quiz Lab
Recent
Popular Today
Quiz Kudos Today
Editor Picks
Curator Picks
Quizzes by...
Day
Popularity
Type
Ratings
Length
Year
Community
Subscriptions
Recent Discussions
Orange Saloon
Badges
Playlists
Quests
Create
Leaderboards
Showdown
Live 5
Trivia Bingo
Activity
Puzzle Library
Sporcle Events
Private Events
Virtual Trivia
Globe League
Become a Host
Pub Owners
SporcleCon
Opinionation
Our Games
Videos
Blog
Mobile Apps
Partnerships
Remove Ads and Go Orange
Feedback
Entertainment
Celebrity
Famous
Musical
Broadway
Show
Quote
Comic Books
Anime
Superhero
DC Comics
Marvel
Cartoons
Animation
Entertainment
Celebrity
Famous
Musical
Broadway
Show
Quote
Comic Books
Anime
Superhero
DC Comics
Marvel
Cartoons
Animation
Random Quiz
Search Sporcle
×
Quiz Lab
Quiz Lab
Entertainment
The Batman
Type in answers that appear in a list
Type in answers that appear in a list
Classic
Best Score? Go Orange.
Batman Villains Stats
Can you name these 40 Batman Villains?
By
drsaminakhalid
6m
40 Questions
498 Plays
498 Plays
498 Plays
Comments
Comments
Give Quiz Kudos
Give Quiz Kudos
-
- Ratings
hide this ad
Replay
Link that replays current quiz
Next Quiz
Link to next quiz in quiz playlist
You Got
0%
They Got
Avg Score
57%
Avg Friend Score
Upgrade to see
Score Distribution
Jump to the score distribution portion of the page
Score
0/40
Timer
06:00
0
Plays Today
Hint
Villain
% Correct
The One Who Leaves The Clues
Riddler
97.4%
The One Who Has A Split-
Personality
Two-Face
92.8%
The One Who Loves Nature
Poison Ivy
91.4%
The One Who Was Once Bathed in Chemicals
The Joker
91.4%
The One Who is His Lover/
Enemy.
Catwoman
89.4%
The One Who Owns The Lounge
The Penguin
89.2%
The One Who Likes Ice
Mr. Freeze
88.2%
The One Who Is Obsessed With Fear
Scarecrow
86.9%
The One Who Is Almost Always In Mad Love
Harley Quinn
85.9%
The One Who Uses Green Steroids
Bane
83.8%
The One Who Has a Skin Infection
Killer Croc
83.5%
The One Who Can Use Echo Location
Man-Bat
80.7%
The One Who Likes Fire
Firefly
79.1%
The One Who Was Once A Robin
The Red Hood
78.3%
The One Who Wears Bandages
Hush
77.1%
The One Who Morphs
Clayface
76.7%
The One Who is His Other Lover/
Enemy But Uses A Sword
Talia
75.7%
The One Who Regularly Bathes in Chemicals
Ra's al Ghul
73.7%
The One Who Likes Killing... And Tally Marks
Victor Zsasz
67.3%
The One Who Deduced The Dark Knight's Identity Early On And Wears Glasses
Dr. Hugo Strange
67%
Hint
Villain
% Correct
The One Who Wears a Pig Mask
Prof. Pyg
61.8%
The One Who Killed The Waynes
Joe Chill
59.2%
The One Who Uses Guns
Deadshot
58.6%
The One Who Throws His Voice
The Ventriloquist
50.6%
The One Who Is Used By The Voice-
Thrower
Scarface
48.8%
The One Who Works For A Special Kind Of Court
Talon
42.4%
The One Who Isn't Really A Carnivorous Fish
Great White Shark
38.6%
The One Who Fell Off A Wall
Humpty Dumpty
37.6%
The One Who Likes Clues and Is The Father To One of Batman's Sidekicks
Cluemaster
37.3%
The One Who Is Batman From Another World
Owlman
36.7%
The One Who Has Mastered Every Martial Art On Earth And Is Known To Train The Bat
Lady Shiva
36.6%
The One Who Claims She's The Clown's Daughter
The Joker's Daughter
28.3%
The One Who Sings
The Music Meister
23.5%
The One Who Stitches Body Parts Together
Dollmaker
22.3%
The One Who Few Know About... But Is The Reason There's A Huge Coin In The Batcave
The Penny Plunderer
16.3%
The One Who Rides Rockets And Loves Thrill
Roxy Rocket
14.7%
The One Who Is The Steroid User's Right-
Hand Man
Bird
13.3%
The One Who Takes The Flightless Bird's Place
Emperor Penguin
7.1%
The One Who Also Likes Fire But Can't Fly
Dr. Phosphorous
4.4%
The One Who Manipulated His Son
NoBody
2.7%
Quiz Playlist
Details
Report
Send in Message
Add To Playlist
Classic:
Type in answers that appear in a list
Last Updated: Feb 16, 2017
Quiz Scoreboard
CHALLENGE
Sign Up to Join the Scoreboard
Show All
Scores
Hide
Comments
May contain spoilers
Recently Published
Street Fighter Characters
by Artimus82
Gaming
60s
9x9 Crossword: Cartoon Network
by jackfrog10
Miscellaneous
3m
College Basketball Coaching Resumes
by pancakes188
Sports
9m
More to Explore
Quiz From the Vault
Featured Blog Post
Where Did the Easter Bunny Come From?
hide this ad
You Might Also Like...
Tags
Batman
Batman Animated
Batman Characters
Batman Movie
The Batman
Today's Top Quizzes in Entertainment
Browse Entertainment
hide this ad
Today's Top Quizzes in The Batman
Browse The Batman
Top Contributed Quizzes in Entertainment
1
7-to-1: DC Comics Villains
2
Marvel Characters Bunker
3
Eurovision 2023 Logic Puzzle
4
Dragon Ball Z: Goku's Fights in Order
5
Sorting Pictures: Villains
6
Criteria Quickie: Cartoon Taxonomy II
7
7-to-1: One Piece
8
Mini Trivia Sudoku: Musicals
9
Fictional Villains Letter U Blitz
10
Kamen Rider Motifs
Explore More
Trending Topics
Disney
Crossword
Anime
Harry Potter
Marvel
NBA
Kpop
NFL
Country
Pokémon
The Office
WWE
Puzzle
Song
Soccer
hide this ad
More By:
drsaminakhalid
Quiz
Plays
Rating
Category
Featured
Created
Batman Villains
498
2.67
Entertainment
Jul 29, 2015
Go to Creator's Profile
Score Distribution
Quiz Creator Spotlight
drsaminakhalid
Follow
Send a Message
Quizzes Created
-
Created Quiz Play Count
-
More By This Creator
Popular Quizzes Today
1
Find the US States - No Outlines Minefield
2
Find the Countries of Europe - No Outlines Minefield
3
The Countries of the World
4
Find the US States
5
Risky Map Clicking: Biggest States A-Z
6
US States
7
Popular People in 1961
8
Movies - When Are They Set?
More Entertainment Quizzes
Musicals Without 'Dancers'
Published
Trending Quizzes
Risky Map Clicking: Least Populous States A-Z
1-10 Letter G Words
Risky Map Clicking: Next State Alphabetically
Adjectives in 80s TV Shows
The Seven Year Switch: Catherine
Recently Updated
Leaping Animals
pecheneg
Reality TV Shows (A-Z)
bhenderson79
Rickey Henderson's Hall of Fame Teammates
pecheneg
Champions League XIs: Arsenal
pecheneg
Quick Pick: Celebrities in WWE's Hall of Fame
aduchscher
A-Z Keypad Blitz II
pecheneg
Multiple Oscar Actors
pecheneg
Mystery Phrase Blitz: Oscar 'Best Actors'
pecheneg
F. Scott Fitzgerald Novels
LTH
Pick 3 Villains
ddd62291
Trending Topics
Anime
Crossword
Marvel
Harry Potter
Kpop
Disney
NBA
WWE
Pokémon
NFL
Country
The Office
Song
Soccer
Puzzle
Your Account Isn't Verified!
In order to create a playlist on Sporcle, you need to verify the email address you used during registration. Go to your
Sporcle Settings
to finish the process.
Report this User
Report this user for behavior that violates our
Community Guidelines
.
Details:
Send Report
Go to the Sporcle.com Mobile Site →
Comments